000 00700nam a2200289Ia 4500
005 20260324131800.0
008 008 260324s9999 xx 000 0 eng d
020 _a9780203087930
037 _aEBOOK
040 _aCRL
040 _beng
040 _cCRL
041 _2eng
041 _aeng
084 _qCRL
100 _aSue Copeland
_91186810
245 0 _aCounselling Supervision in Organisations
245 0 _bProfessional and Ethical Dilemmas Explored
260 _bTaylor and Francis
260 _c2005
365 _a
365 _b170
856 _uhttp://www.taylorfrancis.com/books/9780203087930
942 _cEBOOK
999 _c1784296
_d1784296